Risk management in project organisations
Guardat en:
| Autor principal: | |
|---|---|
| Format: | Llibre |
| Idioma: | Undetermined |
| Publicat: |
London
Elsevier
2005
|
| Matèries: | |
| Etiquetes: |
Afegir etiqueta
Sense etiquetes, Sigues el primer a etiquetar aquest registre!
|
| Thư viện lưu trữ: | Trung tâm Học liệu Trường Đại học Cần Thơ |
|---|
| LEADER | 00593nam a2200193Ia 4500 | ||
|---|---|---|---|
| 001 | CTU_117736 | ||
| 008 | 210402s9999 xx 000 0 und d | ||
| 082 | |a 624.0684 | ||
| 082 | |b E26 | ||
| 100 | |a Edwards, Peter J. | ||
| 245 | 0 | |a Risk management in project organisations | |
| 245 | 0 | |c Peter J. Edwards and Paul A. Bowen | |
| 260 | |a London | ||
| 260 | |b Elsevier | ||
| 260 | |c 2005 | ||
| 650 | |a Construction industry,Teams in the workplace,Strategic alliances (business),Partnership | ||
| 650 | |x Management | ||
| 904 | |i Truc | ||
| 980 | |a Trung tâm Học liệu Trường Đại học Cần Thơ | ||